Cognition, communication and interaction : transdisciplinary perspectives on interactive technology

Saved in:
Bibliographic Details
Other Authors: Gill, Satinder (Editor)
Format: Book
Language:English
Published: London : Springer, 2008
Series:Kluwer international series on HCI
Subjects:
Tags: Add Tag
No Tags, Be the first to tag this record!

MARC

LEADER 00000nam a2200000 i 4500
001 1/82439
008 080415s2008 eng d
020 |a 978-1-84628-926-2 
035 |l 10096665 
040 |a GR-MY-UA  |b gre  |e aacr 
041 0 |a eng 
082 0 |a 004.019  |2 (22) 
245 1 0 |a Cognition, communication and interaction :  |b transdisciplinary perspectives on interactive technology /  |c Satinder Gill, editor 
260 |a London :   |b Springer,   |c 2008 
300 |a xxiii, 591 σ.;  |b εικ.;  |c 25 εκ. 
490 1 |a Human-computer interaction series 
504 |a Περιέχει βιβλιογραφικές παραπομπές 
650 0 0 |a Human-computer interaction. 
700 1 |a Gill, Satinder.  |4 edt 
830 0 |a Kluwer international series on HCI 
852 |a INST  |b LESVOS  |e 20080415  |h 004.019 COG  |p 005100039606  |q 005100039606  |t BK  |y 0 
901 |a BIBL1-2008-1 
909 |a Λ  |b 152201 
922 |a 1ΕΛΗ  |b 200803  |c ΕΠΕΑΕΚ2/ΠΤΕ  |d ΕΛΕΥΘΕΡΟΥΔΑΚΗΣ 
970 |a ΚΑΡΑ  |b ΓΙΑΣΕΜΗ  |z 2008/04/15